000 00546nam a22002057a 4500
003 OSt
005 20151203101851.0
008 130622t xxu||||| |||| 00| 0 eng d
020 _a1876659351
050 _aQC 21.2
_b.K41 2001
082 _aIB 530
_bK46 2001
100 _aKerr, Gregg
245 _aPhysics
_cGregg Kerr, Nancy Kerr, Paul Ruth
250 _a2nd Ed.
260 _aVictoria, Australia :
_bIBID Press,
_cc2001.
300 _axviii, 803 p.
_bill. (some col.) ;
_c25 cm.
562 _e1
942 _2lcc
_cBK
999 _c3013
_d3013